logo

Bir Sreshtho Munshi Abdur Rouf Library
Jhenaidah Cadet College

কবিতাসমগ্র / (Record no. 10321)

MARC details
000 -LEADER
fixed length control field 01544nam a2200241 a 4500
001 - CONTROL NUMBER
JCCL Control Number 10321
003 - CONTROL NUMBER IDENTIFIER
JCCL marc code BD-JhCC
005 - DATE AND TIME OF LATEST TRANSACTION
control field 20180523105144.0
008 - FIXED-LENGTH DATA ELEMENTS--GENERAL INFORMATION
fixed length control field 180423s20072012bg |||| ||a| 000 0 b d
020 ## - INTERNATIONAL STANDARD BOOK NUMBER
International Standard Book Number 9844126355
035 ## - SYSTEM CONTROL NUMBER
system control number (BD-JhCC)10321
040 ## - CATALOGING SOURCE
Original cataloging agency BD-JhCC
Modifying agency BD-JhCC
041 ## - LANGUAGE CODE
Language code of Book ben
082 ## - DEWEY DECIMAL CLASSIFICATION NUMBER
Classification number 891.4415
Author mark and Year HAB 2007
100 ## - MAIN ENTRY--PERSONAL NAME
Personal name হাবীব, আহসান
245 ## - TITLE STATEMENT
Title কবিতাসমগ্র /
Statement of responsibility, etc আহসান হাবীব
260 ## - PUBLICATION, DISTRIBUTION, ETC. (IMPRINT)
Place of publication, distribution, etc ঢাকা:
Name of publisher, distributor, etc অনন্যা ;
Date of publication, distribution, etc 2007.
300 ## - PHYSICAL DESCRIPTION
Pagination 573 p. :
Dimensions 22 cm.
500 ## - GENERAL NOTE
General note <br/>আহসান হাবীব ( কবি ও সাহিত্যিক) :<br/>জন্ম : ২ জানুয়ারি, ১৯১৭ - মৃত্যু : ১০ জুলাই, ১৯৮৫) (ইংরেজি: Ahsan Habib) একজন খ্যাতিমান বাংলাদেশী কবি ও সাহিত্যিক। দীর্ঘ দিন দৈনিক বাংলা পত্রিকার সাহিত্য সম্পাদক পদের দায়িত্ব পালন সূত্রে তিনি স্বাধীনতা-উত্তর বাংলাদেশের সাহিত্য অঙ্গনে অভিভাবকের ভূমিকা রেখেছেন। তিনি চল্লিশের দশকের অন্যতম প্রধান আধুনিক কবি হিসেবে পরিগণিত।
651 ## - SUBJECT ADDED ENTRY--GEOGRAPHIC NAME
Geographic name Poems
942 ## - ADDED ENTRY ELEMENTS (KOHA)
Source of classification or shelving scheme Dewey Decimal Classification
Koha item type Books
Holdings
Source of classification or shelving scheme Damaged status Not for loan Home library Current library Shelving location Date of accession Cost, normal purchase price Total Checkouts Full call number Barcode Date last seen Date checked out Copy number Koha item type
Dewey Decimal Classification     JCC Rouf Library JCC Rouf Library General Stacks 04/23/2018 550.00 1 891.4415 HAB 2007 13691 07/14/2024 07/13/2024 C-1 Books
Dewey Decimal Classification     JCC Rouf Library JCC Rouf Library General Stacks 04/23/2018 550.00   891.4415 HAB 2007 13690 04/23/2018   C-2 Books

JCC Library | Contacts | JCC Home

Last Update on 23 September 2017
Copyright @ 2017-2020 JCC Rouf Library
Rouf Library, Jhenidah Cadet College (JCC), Bangladesh